100 Skill-building lessons using 10 favorite books : (Record no. 113076)
[ view plain ]
| 000 -LEADER | |
|---|---|
| fixed length control field | 00446nam a2200121 a 4500 |
| 001 - CONTROL NUMBER | |
| control field | 4144 |
| 005 - DATE AND TIME OF LATEST TRANSACTION | |
| control field | 20140414132001.0 |
| 008 - FIXED-LENGTH DATA ELEMENTS--GENERAL INFORMATION | |
| fixed length control field | 090317s19uu xx 00 eng d |
| 050 ## - LIBRARY OF CONGRESS CALL NUMBER | |
| Classification number | TR 372.4 |
| Item number | L97 2001 |
| 100 ## - MAIN ENTRY--PERSONAL NAME | |
| Personal name | Lunsford, Susan |
| 245 ## - TITLE STATEMENT | |
| Title | 100 Skill-building lessons using 10 favorite books : |
| Remainder of title | a teacher's treasury of irresistible lessons & activities that help children meet learning goals in reading, writing, math & more. |
| Withdrawn status | Lost status | Damaged status | Home library | Current library | Shelving location | Date acquired | Total Checkouts | Full call number | Barcode | Date last seen | Price effective from | Koha item type |
|---|---|---|---|---|---|---|---|---|---|---|---|---|
| Munich Library | Munich Library | Teachers Reference Section | 03/17/2009 | TR 372.4 L97 2001 | M4556 | 04/14/2014 | 04/14/2014 | Books |